| 000 | 00388nam a2200133Ia 4500 | ||
|---|---|---|---|
| 008 | 211119s9999||||xx |||||||||||||| ||und|| | ||
| 082 |
_a910.0954 _bSEN-B |
||
| 100 | _aSen, Mimlu | ||
| 245 | 0 | _aBaul:Jeevithavum Sangeethavum | |
| 260 |
_bMathrubhumi Books _aKottayam _c2012 |
||
| 300 | _a246p. | ||
| 650 |
_aHistory & geography _vGeography & travelMalayalam _xGeneral Stack |
||
| 942 | _cBOOK | ||
| 999 |
_c119901 _d119901 |
||